Normal view
MARC view
Entry Personal Name
001 - CONTROL NUMBER
- control field: 17857
003 - CONTROL NUMBER IDENTIFIER
- control field: OSt
005 - DATE AND TIME OF LATEST TRANSACTION
- control field: 20260116211814.0
008 - FIXED-LENGTH DATA ELEMENTS
- fixed length control field: 260116|| aca||aabn | a|a d
040 ## - CATALOGING SOURCE
- Original cataloging agency: OSt
- Transcribing agency: OSt
100 ## - HEADING--PERSONAL NAME
- Personal name: Navalta, Sheena Jane M., author
670 ## - SOURCE DATA FOUND
- Source citation: Work cat.: (OSt): Hebron, Allyssa R., author. 17853, Work-life balance issues among managers working in hotels in selected areas of Cavite /, 2022.
